000 01854nam a2200301Ia 4500
999 _c34723
_d34723
001 510
003 GE_BSU
005 20200128113715.0
008 181216s2007||||ge |||||||||||||| ||geo||
020 _a9789994090778
040 _cGE_BSU
041 _ageo
080 _a615.47(035)+616.314.18+616.314-08(035) ხ-71
100 _aხომენკო, ლ.ა.
_96423
245 _aპრაქტიკული ენდოდონტია. იარაღები, მასალები და მეთოდები:
_b(ცნობარი) /
_cლ.ა. ხომენკო, ნ.ვ. ბიდენკო ; თარგმანის რედ.: ნატა დგებუაძე ; [მთარგმნ.: თენგიზ ბინიაშვილი, ნანა მოროზი, თამარ საბაშვილი].
264 _aთბილისი :
_bმთაწმინდელი,
_c2007.
300 _a80 გვ. ;
_b13 სმ.
490 _aსაცნობარო სახელმძღვანელო ექიმებისა და სტუდენტთათვის
653 _aმედიცინა
653 _a კბილის სამკურნალო ინსტრუმენტები
653 _aკბილის პულპის სნეულებანი
700 _aბიდენკო, ნ.ვ.
_eავტორი
_96424
700 _aდგებუაძე, ნატა
_eრედაქტორი
_96425
700 _aბინიაშვილი, თენგიზ
_eმთარგმნელი
_96426
700 _aმოროზი, ნანა
_eმთარგმნელი
_95371
700 _aსაბაშვილი, თამარ
_eმთარგმნელი
_95372
942 _cBK
_2udc